La comunicación corporativa en el ámbito local / | Angeles Durán Mañes (editores). (Record no. 40128)

MARC details
000 -LEADER
campo de control de longitud fija 01526cam a2200397Mi 4500
001 - NÚMERO DE CONTROL
campo de control 57300
005 - FECHA Y HORA DE LA ÚLTIMA TRANSACCIÓN
campo de control 20230410105613.0
008 - DATOS DE LONGITUD FIJA--INFORMACIÓN GENERAL
campo de control de longitud fija 070214s2006 sp 000 0 spa d
035 ## - NÚMERO DE CONTROL DEL SISTEMA
Número de control de sistema (OCoLC)ocm85531135
040 ## - FUENTE DE CATALOGACIÓN
Centro catalogador/agencia de origen PL#
Lengua de catalogación spa
Centro/agencia transcriptor PL#
Centro/agencia modificador YDXCP
-- BTCTA
-- BAKER
020 ## - NÚMERO INTERNACIONAL ESTÁNDAR DEL LIBRO
Número Internacional Estándar del Libro 8480215860
020 ## - NÚMERO INTERNACIONAL ESTÁNDAR DEL LIBRO
Número Internacional Estándar del Libro 9788480215862
029 0# - OTRO NÚMERO DE CONTROL DE SISTEMA (OCLC)
Identificador de la biblioteca OCLC PL#
Número de control de sistema 070000761
035 ## - NÚMERO DE CONTROL DEL SISTEMA
Número de control de sistema (OCoLC)85531135
050 14 - SIGNATURA TOPOGRÁFICA DE LA BIBLIOTECA DEL CONGRESO
Número de clasificación HD 30.3
Número de ítem C749c 2006
110 1# - ENTRADA PRINCIPAL--NOMBRE DE ENTIDAD CORPORATIVA
Nombre de entidad corporativa o nombre de jurisdicción como elemento de entrada Congreso de Comunicación Local (ComLoc).
Sede del congreso/Lugar de la reunión (5o : 2005 : Castellón de la Plana).
245 13 - MENCIÓN DEL TÍTULO
Título La comunicación corporativa en el ámbito local /
Mención de responsabilidad, etc. Rafael López Lita, Francisco Fernández Beltrán,
Título Angeles Durán Mañes (editores).
260 ## - PUBLICACIÓN, DISTRIBUCIÓN, ETC.
Lugar de publicación, distribución, etc. [Castellon de la Plana] :
Nombre del editor, distribuidor, etc. Publicacions de la Universitat Jaume I,
Fecha de publicación, distribución, etc. [2006].
300 ## - DESCRIPCIÓN FÍSICA
Extensión 241 p. ;
Dimensiones 21 cm. +
Material acompañante/anejo 1 disco óptico (CD-ROM).
440 #0 - MENCIÓN DE SERIE/PUNTO DE ACCESO ADICIONAL--TÍTULO
Título Colección e-Humanitats ;
Designación de volumen o secuencia 3
500 ## - NOTA GENERAL
Nota general Incluye Referencias bibliográficas.
653 #4 - TÉRMINO DE INDIZACIÓN--NO CONTROLADO
Término no controlado Comunicación en las asociaciones
-- Congresos.
650 #4 - PUNTO DE ACCESO ADICIONAL DE MATERIA--TÉRMINO DE MATERIA
Término de materia o nombre geográfico como elemento de entrada Comunicación organizacional.
650 #4 - PUNTO DE ACCESO ADICIONAL DE MATERIA--TÉRMINO DE MATERIA
Término de materia o nombre geográfico como elemento de entrada Comunicación.
650 #4 - PUNTO DE ACCESO ADICIONAL DE MATERIA--TÉRMINO DE MATERIA
Término de materia o nombre geográfico como elemento de entrada 20150300
700 1# - ENTRADA AGREGADA--NOMBRE PERSONAL
Nombre de persona López Lita, Rafael,
Término indicativo de función/relación ed.
700 1# - ENTRADA AGREGADA--NOMBRE PERSONAL
Nombre de persona Fernández Beltrán, Francisco,
Término indicativo de función/relación ed.
700 1# - ENTRADA AGREGADA--NOMBRE PERSONAL
Nombre de persona Durán Mañes, ángeles,
Término indicativo de función/relación ed.
938 ## -
-- Puvill Libros
-- PUVL
-- 9788480215862
-- $39.28
938 ## -
-- YBP Library Services
-- YANK
-- 2724438
938 ## -
-- Baker and Taylor
-- BTCP
-- BK0007511259
938 ## -
-- Baker & Taylor
-- BKTY
-- 61.95
-- 61.95
-- 8480215860
-- 0007511259
-- active
942 ## - ELEMENTOS DE ENTRADA SECUNDARIOS (KOHA)
Fuente del sistema de clasificación o colocación Clasificación de Library of Congress
Tipo de ítem Koha
946 ## - PROCESAMIENTO DE INFORMACIÓN LOCAL (OCLC)
a clperez
994 ## -
-- C0
-- DRFGD
Holdings
Estatus retirado Estado de pérdida Fuente del sistema de clasificación o colocación Estado de daño No para préstamo Colección Biblioteca de origen Biblioteca actual Ubicación en estantería Fecha de adquisición Serial enumeration / chronology Signatura topográfica completa Código de barras Visto por última vez Copia número Tipo de ítem Koha
    Clasificación de Library of Congress     Ciencias Sociales Biblioteca Juan Bosch Biblioteca Juan Bosch Ciencias Sociales (3er. Piso) 10/04/2023 1 HD 30.3 C749c 2006 00000058843 24/10/2018 1